Statistics for Countries Metallica has Visited

Click here to take the quiz!

General Stats

  • This quiz has been taken 72 times
    (29 since last reset)
  • The average score is 44 of 56

Answer Stats

ContinentCountry% Correct
North AmericaCanada
100%
AsiaChina
100%
EuropeFrance
100%
North AmericaMexico
100%
Asia/ EuropeRussia
100%
EuropeUnited Kingdom
100%
OceaniaAustralia
96%
South AmericaBrazil
96%
EuropeGermany
96%
AsiaJapan
96%
North AmericaUnited States of America
96%
South AmericaArgentina
92%
EuropeBelgium
92%
EuropeItaly
92%
AsiaSouth Korea
92%
EuropeSpain
92%
EuropeFinland
88%
EuropePortugal
88%
Europethe Netherlands
88%
EuropeAustria
84%
South AmericaChile
84%
South AmericaColombia
84%
EuropeSweden
84%
EuropeDenmark
80%
EuropeIreland
80%
EuropeNorway
80%
North AmericaPanama
80%
EuropePoland
80%
EuropeUkraine
80%
South AmericaPeru
76%
EuropeBulgaria
72%
EuropeGreece
72%
EuropeHungary
72%
EuropeIceland
72%
OceaniaNew Zealand
72%
AfricaSouth Africa
72%
North AmericaCosta Rica
68%
EuropeCroatia
68%
EuropeCzech Republic
68%
EuropeEstonia
68%
AsiaIndonesia
68%
EuropeLatvia
68%
EuropeLithuania
68%
EuropeSwitzerland
68%
South AmericaParaguay
64%
EuropeSlovenia
64%
AsiaThailand
64%
Asia/ EuropeTurkey
64%
AsiaIsrael
60%
EuropeSerbia
60%
South AmericaEcuador
56%
North AmericaGuatemala
56%
EuropeRomania
56%
Asiathe Philippines
56%
South AmericaVenezuela
56%
AsiaSingapore
48%

Score Distribution

Percentile by Number Answered

Percent of People with Each Score

Your Score History

You have not taken this quiz since the last reset